00658 a2200193 450000500170000000800410001701000140005802000230007203500130009503700150010804000080012308200140013124501370014526000310028227000540031330000270036750000510039470000190044520080825110157.0080825t xxu||||| |||| 00| 0 eng d aENG-87082 a8170743028c500.00 aEN-70615 bDBAD / PUB adpl a320.50954 aIndian political thought and movementscedited by Harihar Bhattacharyya [and] Abhijit Ghoshbnew interpretations and emerging issues aKolkatabK.P. Bagchic2007 a286, B.B. Ganguli Street,bKolkatacW.B.e700 012 axxix, 335p.c21cm (Hb) aIncludes bibliographical references and index aGhosh, Abhijit